Szczegóły MARC21

Turystyka martyrologiczna w Polsce : na przykładzie Państwowego Muzeum Auschwitz-Birkenau /

003 -Nazwa inst., której nr kontr. jest w polu 001 [,]
    • @
    • Nazwa instytucji, której n kontrolny jest w polu 001
    • NUKAT
005 -DATA I CZAS OSTATNIEJ MODYFIKACJI [,]
    • @
    • pole kontrolne
    • 20241231085857.0
020 -Międzynarod. znormalizowany nr książki - ISBN [ , ]
    • a
    • Numer ISBN
    • 9788360789438 Find
040 -Instytucja sporządzająca opis [ , ]
    • a
    • Instytucja, która sporządziła opis (NP)
    • KR 122/MN
    • c
    • Instytucja, która sporządziła rekord (NP)
    • KR 122/MN
    • d
    • Instytucja, która zmodyfikowała rekord (P)
    • KR 122/AKs
942 -Rodzaj dokumentu [ , ]
    • c
    • Rodzaj dokumentu
    • Książka
245 -Strefa tytułu i oznaczenia odpowiedzialności [0,0]
    • a
    • Tytuł
    • Turystyka martyrologiczna w Polsce : Find
    • b
    • Ciąg dalszy tytułu (NP)
    • na przykładzie Państwowego Muzeum Auschwitz-Birkenau / Find
    • c
    • Pozostałe elementy strefy tytułu i oznaczenia odpowiedzialności (NP)
    • pod red. nauk. Jadwigi Berbeki.
260 -Strefa adresu wydawniczego [ , ]
    • a
    • Miejsce wydania (P)
    • Kraków :
    • b
    • Nazwa wydawcy (P)
    • Wydawnictwo Proksenia,
    • c
    • Data wydania (P)
    • 2012.
300 -Strefa opisu fizycznego [ , ]
    • a
    • Określenie formy książki i/lub objętość (NP)
    • 177, [9] s. :
    • b
    • Oznaczenie ilustracji (NP)
    • il. ;
    • c
    • Format (NP)
    • 24 cm.
336 -Typ zawartości [ , ]
    • a
    • Termin opisujący typ zawartości
    • Tekst
    • b
    • Kod określający zawartość
    • txt
    • 2
    • Źródło (terminu i kodu)
    • rdacontent
337 -Typ mediów [ , ]
    • a
    • Tryb odtwarzania
    • Bez urządzenia pośredniczącego
    • b
    • Kod typu mediów
    • n
    • 2
    • Źródło (terminu i kodu)
    • rdamedia
338 -Typ/rodzaj nośnika [ , ]
    • a
    • Hasło opisujące typ nośnika
    • Wolumin
    • b
    • Kod typu nośnika
    • nc
    • 2
    • Źródło (terminu i kodu)
    • rdacarrier
490 -Strefa serii i książki wielotomowej - forma nie do wyszukiwania [1, ]
    • a
    • Tytuł (P)
    • Monografie o Tematyce Turystycznej ; Find
    • v
    • Numeracja (P)
    • 15
830 -Hasło dodatkowe serii i opisu książki wielotomowej - tytuł ujednolicony/tytuł [ ,0]
    • a
    • Tytuł ujednolicony/tytuł (NP)
    • Monografie o Tematyce Turystycznej
    • v
    • Oznaczenie tomu (NP)
    • 15
    • 9
    • KHW
    • 8367
504 -Uwaga dot. bibliogr. załącznikowej [ , ]
    • a
    • Uwaga dot. bibliografii załącznikowej
    • Bibliogr. s. 167-172.
536 -Uwaga dot. finansowania książki [ , ]
    • a
    • Tekst uwagi
    • Publikacja dofinansowana przez Uniwersytet Ekonomiczny w Krakowie
080 -Uniwersalna Klasyfikacja Dziesiętna [ , ]
    • 2
    • Identyfikator wydania tablic
    • UDC-P058
    • 9
    • UKD
    • 23255
    • a
    • Symbol klasyfikacji
    • 338.48-6:94
    • b
    • Dopowiedzenie
    • Turystyka historyczna.
    • 4
    • UKD2
    • 7642
    • x
    • Poddział wspólny
    • (438)
    • c
    • Dopowiedzenie poddz. wspólnego
    • (Polska).
610 -Hasło przedmiotowe w formie nazwy ciała zbiorowego [2,7]
    • a
    • Nazwa ciała zbiorowego lub nazwa geograficzna
    • Państwowe Muzeum Auschwitz-Birkenau (Oświęcim).
    • 2
    • Źródło terminu
    • kaba
    • 9
    • KHW
    • 247704
650 -Hasło przedmiotowe [ ,7]
    • a
    • Hasło przedmiotowe
    • Turystyka kulturowa
    • z
    • Określnik geograficzny
    • Polska.
    • 2
    • Źródło terminu
    • kaba
    • 9
    • KHW
    • 371303
980 -Symbol UKD [ , ]
    • a
    • UKD
    • 338.48-6:94(438)
700 -Hasło dodatkowe - nazwa osobowa [1, ]
    • a
    • Nazwa osobowa (NP)
    • Berbeka, Jadwiga. Find
    • e
    • Określenie rodzaju współpracy
    • Red.
    • 9
    • KHW
    • 14507
920 -ISBN [ , ]
    • a
    • ISBN
    • 978-83-60789-43-8 Find
Sygnatura Lokalizacja Data inwentaryzacji Numer inwentarzowy Status udost.
 BG2014-06-18Z.118725-2
 T2013-04-05T.12659-2
TM.15196T2021-05-06TM.15196-2